| 000 | 01312cam a2200373 a 4500 | ||
|---|---|---|---|
| 001 | 14294361 | ||
| 005 | 20170105102938.0 | ||
| 008 | 060309s2005 np b 000 0 eng | ||
| 010 | _a 2006345337 | ||
| 020 | _a9994657879 | ||
| 025 | _aN-E-2006-345337; 22 | ||
| 037 |
_bLibrary of Congress -- New Delhi Overseas Office _cRs400.00 |
||
| 040 |
_aDLC _cDLC |
||
| 042 | _alcode | ||
| 043 | _aaz----- | ||
| 050 | 0 | 0 |
_aHC430.6 _b.N49 2005 |
| 082 |
_a954 _bNEW 2005 |
||
| 245 | 0 | 0 |
_aNew life within SAARC / _cedited by Nishchal N. Pandey and Dev Raj Dahal. |
| 250 | _a1st ed. | ||
| 260 |
_aKathmandu : _bInstitute of Foreign Affairs : _bFriedrich-Ebert-Stiftung (Nepal), _c2005. |
||
| 300 |
_aviii, 189 p. ; _c23 cm. |
||
| 504 | _aIncludes bibliographical references. | ||
| 520 | _aContributed articles predominantly on economic cooperation among SAARC countries. | ||
| 610 | 2 | 0 | _aSouth Asian Association for Regional Cooperation. |
| 650 | 0 | _aSouth Asian cooperation. | |
| 651 | 0 |
_aSouth Asia _xEconomic integration. |
|
| 700 | 1 | _aPandey, Nishchal N. | |
| 700 | 1 | _aDahal, Dev Raj. | |
| 710 | 2 | _aInstitute of Foreign Affairs (Nepal) | |
| 710 | 2 | _aFriedrich-Ebert-Stiftung (Nepal) | |
| 906 |
_a7 _bcbc _corigode _d3 _encip _f20 _gy-gencatlg |
||
| 942 |
_2ddc _cBK |
||
| 999 |
_c16362 _d16362 |
||